000 00602nam a2200229Ia 4500
003 OSt
005 20221006165319.0
006 a|||||r|||| 00| 0
007 ta
008 221006b |||||||| |||| 00| 0 hin d
024 _a5,753
037 _cTextual
040 _aFML
_cFML
_bhin
041 _2hin
_ahin
082 _aNR44, P1
100 _aSharma Yadavendra Kumar Au.
_9679564
245 0 _aSangeet Bodh
260 _aDelhi
_bNirmal Publication India
_c2001
300 _a200
_ccm.
942 _hNR44, P1
_cTEXL
_2CC
999 _c1120382
_d1120382